000 00525nam a2200193Ia 4500
005 20250923145729.0
008 008 250917s9999 xx 000 0 eng d
037 _aTextual
040 _aDSWL
_beng
_cDSWL
041 _aeng
_2eng
084 _aY31:7:7.4, N85
_qDSWL
245 0 _aRural development in Asia
_cEd.by G.S.Chemma
260 _aNew Delhi
_b Sterling
_c1985
300 _avi,268p.
365 _aINR
_b150.00
925 _g150.00
942 _cTEXL
_hY31:7:7.4, N85
999 _c1454922
_d1454922